| 000 | 01219nam a22002777i 4500 | ||
|---|---|---|---|
| 003 | EG-GICUC | ||
| 005 | 20260503134711.0 | ||
| 008 | 260503s2004 ua ||||fr|||| 000 0 ara d | ||
| 040 |
_a EG-GICUC _bara _c EG-GICUC _d EG-GICUC _erda |
||
| 082 | 0 | 4 |
_221 _a343.644 _bر ض . إ |
| 092 | 0 | 4 | _221 |
| 099 | _a Law 10 343.644 ر ض . إ 2004 | ||
| 100 | 0 |
_aرضا عبدالسلام _eAuthor. |
|
| 245 | 1 | 0 |
_aإقتصاديات الجريمة هل يخضع السلوك الإجرامي لحسابات التكلفة والعائد؟ : _bدراسة مقارنة مع تطبيق علي عينة من سجناء أحد السجون المصرية / _cاعداد رضا عبدالسلام. |
| 264 |
_aالمنصورة; _bكلية الحقوق - جامعة المنصورة, _c2004. |
||
| 300 |
_a210 صفحة _bإيضاحيات، صور، مثيليات ؛ _c24 سم |
||
| 336 |
_2rda content _atext |
||
| 337 |
_2rda media _aComputer |
||
| 338 |
_2rda carrier _aOnline Resource |
||
| 504 | _a. 240-220 ببليوجرافيا: صفحات. | ||
| 650 | 1 |
_aالقانون الجنائي _2qrmak |
|
| 651 | 1 | _2qrmak | |
| 856 | 4 | 0 | _uhttps://fll.law.cu.edu.eg/fulltext/bks/B10-08894.pdf |
| 905 | _a31 | ||
| 942 |
_2ddc _cBK _e21 _n0 |
||
| 999 |
_c75168 _d75168 |
||